Lid versus demokracie proč je naše svoboda v ohrožení a jak ji zachránit

Na minha lista:
Detalhes bibliográficos
Autor principal: Mounk, Yascha
Outros Autores: Pokorný, Martin
Formato: Livro
Idioma:tcheco
Publicado em: Praha Prostor 2019
Edição:1. vydání
Assuntos:
Tags: Adicionar Tag
Sem tags, seja o primeiro a adicionar uma tag!

MARC

LEADER 00000nam a2200000 4500
001 0268597
005 20240221112927.3
020 |a 978-80-7260-420-3 
041 0 |a cze 
044 |a CZ 
245 1 0 |a Lid versus demokracie  |b proč je naše svoboda v ohrožení a jak ji zachránit  |c Yascha Mounk ; přeložil: Martin Pokorný 
250 |a 1. vydání 
264 1 |a Praha  |b Prostor  |c 2019 
300 |a 383 s. 
610 2 0 |a demokracia 
610 2 0 |a liberalizmus 
610 2 0 |a vývoj politický 
610 2 0 |a moc politická 
610 2 0 |a právo 
610 2 0 |a spoločnosť 
610 2 0 |a konflikty 
610 2 0 |a boj politický 
610 2 0 |a občania 
610 2 0 |a dôvera 
100 1 |a Mounk, Yascha 
700 1 |a Pokorný, Martin